000 00425nam a2200169Ia 4500
999 _c168
_d168
003 OSt
005 20210903123301.0
008 190216s9999||||xx |||||||||||||| ||und||
040 _coclc
082 _a297
_bRAV/S
100 _aNull
245 0 _aSharahul Aqeedatil Wasitiyyati /
260 _bRavi Dayal Publisher,
300 _a163p
650 _aArabic
942 _cBK
_2ddc
_h297
_iRAV/S
_k297
_mRAV/S